INTERIOR COSECHAS DE LA REPUBLICA DOMINICANA HARVEST OF THE DOMINICAN REPUBLIC (Registro nro. 2520)
[ vista simple ]
| 000 -LEADER | |
|---|---|
| campo de control de longitud fija | 00705nam a22001817a 4500 |
| 001 - NÚMERO DE CONTROL | |
| campo de control | 9630 |
| 005 - FECHA Y HORA DE LA ÚLTIMA TRANSACCIÓN | |
| campo de control | 20250602012223.0 |
| 008 - DATOS DE LONGITUD FIJA--INFORMACIÓN GENERAL | |
| campo de control de longitud fija | 5230202013 dr a |
| 082 ## - NÚMERO DE LA CLASIFICACIÓN DECIMAL DEWEY | |
| Número de clasificación | RD-R 633 |
| Número de ítem | C8203r |
| 100 ## - ENTRADA PRINCIPAL--NOMBRE DE PERSONA | |
| Nombre de persona | DESPRADEL CARLOS |
| 245 ## - MENCIÓN DEL TÍTULO | |
| Título | INTERIOR COSECHAS DE LA REPUBLICA DOMINICANA HARVEST OF THE DOMINICAN REPUBLIC |
| Mención de responsabilidad, etc. | Carlos Despradel ; Ilustraciones: Sahira Fontana ... [et al]. |
| 260 ## - PUBLICACIÓN, DISTRIBUCIÓN, ETC. | |
| Lugar de publicación, distribución, etc. | Santo Domingo : |
| Nombre del editor, distribuidor, etc. | VICINI |
| 300 ## - DESCRIPCIÓN FÍSICA | |
| Extensión | 357 p. : |
| Otros detalles físicos | il. / 34 cm. |
| 504 ## - NOTA DE BIBLIOGRAFÍA, ETC. | |
| Nota de bibliografía, etc. Nota | Incluye bibliografía. |
| 505 ## - NOTA DE CONTENIDO CON FORMATO | |
| Nota de contenido con formato | Incluye índice de Fotografías. |
| 650 ## - PUNTO DE ACCESO ADICIONAL DE MATERIA--TÉRMINO DE MATERIA | |
| Término de materia o nombre geográfico como elemento de entrada | 1 AGRICULTURA REPUBLICA DOMINICANA 2 COSECHAS REPUBLICA DOMINICANA 3 PRODUCTOS AGRICOLAS REPUBLICA DOMINICANA |
| 700 ## - ENTRADA AGREGADA--NOMBRE PERSONAL | |
| Nombre de persona | FONTANA SAHIRA IL |
| Estatus retirado | Estado de pérdida | Estado de daño | No para préstamo | Colección | Biblioteca de origen | Biblioteca actual | Fecha de adquisición | Total de préstamos | Signatura topográfica completa | Código de barras | Visto por última vez | Copia número | Precio de reemplazo | Tipo de ítem Koha |
|---|---|---|---|---|---|---|---|---|---|---|---|---|---|---|
| Acervo general de Libros | Biblioteca Central Mons. Favio M. Rivas S. | Biblioteca Central Mons. Favio M. Rivas S. | 10/04/2015 | RD-R 633 | 000000003705 | 23/05/2025 | 1 | 23/05/2025 | Libros |
